[Event "Olympiad Women-29"]
[Site "Novi Sad"]
[Date "1990.11.26"]
[Round "9"]
[White "Heintze, Marion"]
[Black "Mihevc Mohr, Narcisa"]
[Result "0-1"]
[WhiteElo "2250"]
[BlackElo "2135"]
[PlyCount "88"]
[EventDate "1990.11.17"]
[EventType "team-swiss"]
[EventRounds "14"]
[EventCountry "YUG"]
[SourceTitle "EXT 2019"]
[Source "ChessBase"]
[SourceDate "2018.10.10"]
[SourceVersion "1"]
[SourceVersionDate "2018.10.10"]
[SourceQuality "1"]
[WhiteTeam "German Dem Rep (W)"]
[BlackTeam "Yugoslavia (W) III"]
[WhiteTeamCountry "DDR"]
[BlackTeamCountry "YUG"]

1. e4 c5 2. Nf3 Nc6 3. d4 cxd4 4. Nxd4 Nf6 5. Nc3 e5 6. Ndb5 d6 7. a4 a6 8. Na3 Be6 9. Bc4 Be7 10. Bg5 Qb6 11. Bxf6 gxf6 12. Nd5 Qd8 13. 0-0 0-0 14. c3 Kh8 15. Qd3 Rg8 16. Nc2 Rg5 17. Nce3 Qg8 18. Nxe7 Nxe7 19. g3 Rd8 20. Bd5 f5 21. exf5 Bxd5 22. Nxd5 Nxf5 23. Ne3 Ne7 24. Nd5 Nf5 25. Rad1 Qg7 26. Ne3 Ne7 27. Qe4 Rd7 28. f4 f5 29. Qc2 exf4 30. Rxf4 Qe5 31. Qf2 Ng6 32. Rxf5 Rxf5 33. Nxf5 Rf7 34. g4 Nf4 35. Qd4 Nh3+ 36. Kf1 h5 37. Qxe5+ dxe5 38. Kg2 hxg4 39. Ng3 Rf2+ 40. Kh1 Rxb2 41. Rd8+ Kh7 42. Rd7+ Kg6 43. Ne4 Ng5 44. Nd6 Nf3 0-1

[Event "Dieren op"]
[Site "Dieren"]
[Date "1990.??.??"]
[Round "1"]
[White "Heintze, Marion"]
[Black "Langeweg, Kick"]
[Result "0-1"]
[WhiteElo "2250"]
[BlackElo "2420"]
[PlyCount "123"]
[EventDate "1990.07.??"]
[EventType "swiss"]
[EventRounds "9"]
[EventCountry "NED"]
[SourceTitle "CBM 019 Extra"]
[Source "ChessBase"]
[SourceDate "1991.01.01"]
[SourceVersion "1"]
[SourceVersionDate "1991.01.01"]
[SourceQuality "1"]

1. e4 c5 2. Nf3 e6 3. d4 cxd4 4. Nxd4 Nc6 5. Nb5 d6 6. c4 Nf6 7. N1c3 a6 8. Na3 Be7 9. Be2 0-0 10. 0-0 b6 11. Be3 Ne5 12. f3 Re8 13. Rc1 Bb7 14. Qe1 Rb8 15. Qf2 Ned7 16. Rfd1 Qc7 17. Nc2 Rbc8 18. Nd4 Qb8 19. Qg3 Ne5 20. b3 Ng6 21. Qf2 Bd8 22. Bf1 Bc7 23. g3 Ne5 24. Bh3 h6 25. Qe2 Ned7 26. Qf2 Qa8 27. Nde2 Qb8 28. Nd4 Rcd8 29. Nde2 Ba8 30. Nd4 Ne5 31. Qe2 Ng6 32. Qf2 Qb7 33. Bg2 Ne5 34. Rc2 Qb8 35. Rcc1 Rc8 36. Bh3 Qb7 37. Qe2 Ned7 38. Bg2 Qb8 39. Bh3 Rcd8 40. Qf2 Ne5 41. Qe2 Ned7 42. Qf2 Bb7 43. Rc2 Rc8 44. Rcc1 Bd8 45. Nde2 Be7 46. Nd4 Bf8 47. Rc2 Ba8 48. Rdc1 Rcd8 49. Rd1 Ne5 50. Qe2 Ng6 51. Qf2 d5 52. cxd5 exd5 53. exd5 Nxd5 54. Nxd5 Rxd5 55. Bf5 Rde5 56. Rc3 Qd6 57. Rcd3 Qf6 58. Bxg6 Qxg6 59. Nc2 Qc6 60. Nd4 Qf6 61. Bf4 Rd5 62. Nc2 0-1

[Event "Mephisto (Women)"]
[Site "Hamburg"]
[Date "1990.??.??"]
[Round "5"]
[White "Heintze, Marion"]
[Black "Semenova, Lidia K"]
[Result "1/2-1/2"]
[WhiteElo "2180"]
[BlackElo "2295"]
[PlyCount "27"]
[EventDate "1990.??.??"]
[EventType "tourn"]
[EventRounds "11"]
[EventCountry "GER"]
[SourceTitle "EXT 1997"]
[Source "ChessBase"]
[SourceDate "1996.11.15"]
[SourceVersion "1"]
[SourceVersionDate "1996.11.15"]
[SourceQuality "1"]

1. e4 c6 2. d4 d5 3. Nc3 dxe4 4. Nxe4 Nd7 5. Ng5 Nb6 6. N1f3 g6 7. Bd3 Bg7 8. c3 Nh6 9. 0-0 Bf5 10. Ne4 Qc7 11. Re1 0-0 12. Bg5 Kh8 13. Qd2 Ng8 14. Bf4 1/2-1/2

[Event "Wuppertal (Women)"]
[Site "Wuppertal"]
[Date "1990.??.??"]
[Round "4"]
[White "Janus, Elfi"]
[Black "Heintze, Marion"]
[Result "0-1"]
[WhiteElo "2115"]
[BlackElo "2180"]
[PlyCount "200"]
[EventDate "1990.??.??"]
[EventType "tourn"]
[EventRounds "11"]
[EventCountry "GER"]
[SourceTitle "EXT 1997"]
[Source "ChessBase"]
[SourceDate "1996.11.15"]
[SourceVersion "1"]
[SourceVersionDate "1996.11.15"]
[SourceQuality "1"]

1. c4 e5 2. Nc3 Nc6 3. g3 g6 4. Bg2 Bg7 5. e3 d6 6. d3 Be6 7. Nge2 Nge7 8. Nd5 0-0 9. 0-0 Qd7 10. Nec3 Nd8 11. Rb1 Nf5 12. Ne4 f6 13. Qb3 Kh8 14. Qa3 Qf7 15. Ndc3 Qd7 16. b4 Nf7 17. b5 Ne7 18. c5 f5 19. Nd2 d5 20. Ne2 c6 21. Qb4 Rab8 22. a4 Rfc8 23. d4 Kg8 24. Ba3 Bf6 25. Rfc1 exd4 26. Nxd4 Ne5 27. Bf1 Bf7 28. N4f3 Qe6 29. Nxe5 Qxe5 30. Bb2 Qe6 31. Bd4 Be8 32. Qc3 Kf7 33. Nf3 h6 34. Ne5+ Kg7 35. Rc2 b6 36. bxc6 bxc5 37. Rxb8 Rxb8 38. Qxc5 Bxe5 39. c7 Rc8 40. Bb5 Kf7 41. Qxa7 Bxd4 42. Qxd4 Qd6 43. Qa7 Qb4 44. Qc5 Qxc5 45. Rxc5 Ke6 46. Ba6 Kd6 47. Bxc8 Nxc8 48. Ra5 Bc6 49. Kf1 Kxc7 50. Rc5 Nd6 51. Rc1 Nc4 52. Ke2 Bxa4 53. Ra1 Bb5 54. Ra7+ Kd6 55. Rg7 Ne5+ 56. Kd2 Nf3+ 57. Kc3 Be8 58. h4 Ke6 59. Rh7 Kf6 60. Rb7 Bf7 61. Kd3 g5 62. Ke2 Bh5 63. Rb6+ Kg7 64. Rb7+ Kf8 65. hxg5 hxg5 66. Kd3 Bf7 67. Ke2 Ne5 68. f4 Bh5+ 69. Kf1 Ng4 70. fxg5 Nxe3+ 71. Kf2 Nc4 72. Rh7 Bg6 73. Ra7 Bf7 74. Kf3 d4 75. Ke2 Ne5 76. Kd2 Bh5 77. Rc7 Bg4 78. g6 Kg8 79. Ra7 Bh5 80. g7 Bf7 81. Re7 Nf3+ 82. Ke2 Ng5 83. Rd7 Ne6 84. Kf3 Kxg7 85. g4 Kf6 86. gxf5 Bh5+ 87. Kf2 Kxf5 88. Rd5+ Kg6 89. Kg3 Bd1 90. Kf2 Kf6 91. Ke1 Bf3 92. Rb5 Bg4 93. Rd5 Bf3 94. Ra5 Be4 95. Kd2 Nf4 96. Rc5 Bd5 97. Rc8 Ke5 98. Re8+ Be6 99. Re7 Ke4 100. Re8 Kd5 0-1

[Event "Dieren op"]
[Site "Dieren"]
[Date "1990.??.??"]
[Round "6"]
[White "Johansson, Jan"]
[Black "Heintze, Marion"]
[Result "1/2-1/2"]
[WhiteElo "2460"]
[BlackElo "2250"]
[PlyCount "62"]
[EventDate "1990.07.??"]
[EventType "swiss"]
[EventRounds "9"]
[EventCountry "NED"]
[SourceTitle "CBM 019 Extra"]
[Source "ChessBase"]
[SourceDate "1991.01.01"]
[SourceVersion "1"]
[SourceVersionDate "1991.01.01"]
[SourceQuality "1"]

1. d4 Nf6 2. Nf3 d5 3. c4 e6 4. Nc3 Be7 5. Bg5 Nbd7 6. e3 0-0 7. Qc2 c6 8. b3 Bb4 9. Rc1 Qa5 10. Bxf6 Nxf6 11. Bd3 Ba3 12. Ra1 Bb4 13. Rc1 Ba3 14. b4 Bxb4 15. 0-0 Bxc3 16. Qxc3 Qxc3 17. Rxc3 Re8 18. Rb1 Nd7 19. h3 e5 20. Bf5 exd4 21. exd4 dxc4 22. Bxd7 Bxd7 23. Rxb7 Be6 24. Nd2 Bd5 25. Rb1 Re2 26. Nxc4 Rxa2 27. Ne5 Ra4 28. Rd1 Rc8 29. Nd7 f6 30. Nc5 Ra2 31. Re3 Kf7 1/2-1/2

[Event "Mephisto (Women)"]
[Site "Hamburg"]
[Date "1990.??.??"]
[Round "4"]
[White "Trabert, Bettina"]
[Black "Heintze, Marion"]
[Result "0-1"]
[WhiteElo "2205"]
[BlackElo "2180"]
[PlyCount "72"]
[EventDate "1990.??.??"]
[EventType "tourn"]
[EventRounds "11"]
[EventCountry "GER"]
[SourceTitle "EXT 1997"]
[Source "ChessBase"]
[SourceDate "1996.11.15"]
[SourceVersion "1"]
[SourceVersionDate "1996.11.15"]
[SourceQuality "1"]

1. e4 c5 2. Nf3 d6 3. d4 cxd4 4. Nxd4 Nf6 5. Nc3 a6 6. Be3 e6 7. f3 Be7 8. Qd2 Qc7 9. 0-0-0 Nc6 10. g4 0-0 11. g5 Nd7 12. h4 Nxd4 13. Bxd4 Ne5 14. Qg2 b5 15. f4 Nc6 16. Be3 Bb7 17. h5 Rac8 18. Bd3 Nb4 19. g6 Bf6 20. gxh7+ Kxh7 21. a3 Nxd3+ 22. Rxd3 Qc4 23. Bd2 a5 24. b3 Qc5 25. b4 axb4 26. axb4 Qxb4 27. Rg1 Ra8 28. Kd1 Ra1+ 29. Ke2 Rxg1 30. Qxg1 Qc4 31. Kd1 Ra8 32. Qb6 Bxe4 33. Nxe4 Ra1+ 34. Bc1 Qxe4 35. Qxb5 Qh1+ 36. Ke2 Rxc1 0-1

[Event "DDR-ch (Women)"]
[Site "Stralsund"]
[Date "1988.??.??"]
[Round "13"]
[White "Heintze, Marion"]
[Black "Kunze, Kerstin"]
[Result "1/2-1/2"]
[WhiteElo "2185"]
[BlackElo "2180"]
[PlyCount "33"]
[EventDate "1988.02.06"]
[EventType "tourn"]
[EventRounds "13"]
[EventCountry "DDR"]
[SourceTitle "EXT 1997"]
[Source "ChessBase"]
[SourceDate "1996.11.15"]
[SourceVersion "1"]
[SourceVersionDate "1996.11.15"]
[SourceQuality "1"]

1. e4 e5 2. Nf3 Nc6 3. Nc3 Nf6 4. Bb5 Bc5 5. 0-0 d6 6. d4 exd4 7. Nxd4 Bd7 8. Nb3 Bb6 9. Bg5 h6 10. Bh4 g5 11. Bg3 h5 12. Bxc6 bxc6 13. h3 h4 14. Bh2 g4 15. hxg4 Nxg4 16. Na4 Nxh2 17. Kxh2 1/2-1/2

[Event "DDR-ch (Women)"]
[Site "Stralsund"]
[Date "1988.??.??"]
[Round "8"]
[White "Heintze, Marion"]
[Black "Starck, Ines"]
[Result "1-0"]
[WhiteElo "2185"]
[BlackElo "2120"]
[PlyCount "195"]
[EventDate "1988.02.06"]
[EventType "tourn"]
[EventRounds "13"]
[EventCountry "DDR"]
[SourceTitle "EXT 1997"]
[Source "ChessBase"]
[SourceDate "1996.11.15"]
[SourceVersion "1"]
[SourceVersionDate "1996.11.15"]
[SourceQuality "1"]

1. e4 c6 2. d4 d5 3. Nc3 dxe4 4. Nxe4 Nf6 5. Nxf6+ gxf6 6. Nf3 Bg4 7. Be2 Qc7 8. h3 Bh5 9. 0-0 e6 10. c4 Nd7 11. Be3 Rg8 12. Kh1 Bd6 13. Qc1 Nf8 14. c5 Be7 15. b4 f5 16. b5 Ng6 17. bxc6 bxc6 18. Ng1 Bxe2 19. Nxe2 Rd8 20. Rb1 Bf6 21. Rb4 Rb8 22. Rxb8+ Qxb8 23. Qd2 Ke7 24. Bg5 f4 25. Bxf6+ Kxf6 26. Qc3 Ke7 27. Qf3 Nh4 28. Qxf4 Qxf4 29. Nxf4 Rb8 30. Re1 Rb4 31. Nd3 Rxd4 32. Ne5 Rd2 33. Nxc6+ Ke8 34. Nxa7 Rxa2 35. Nb5 Rc2 36. Nd6+ Kd7 37. Nxf7 Rxc5 38. Ne5+ Ke7 39. g3 Ng6 40. Nf3 Rd5 41. Kg2 Kf6 42. Re2 Ne7 43. Nh2 Nf5 44. Ng4+ Ke7 45. Ra2 Rd7 46. Ra8 Kd6 47. Nf6 Rf7 48. Ra6+ Ke5 49. Ng4+ Kd5 50. Nh2 Nd4 51. Nf1 Ke4 52. Ra3 Nc2 53. Nd2+ Kf5 54. Ra5+ Kg6 55. Nf3 Kg7 56. Rg5+ Kf6 57. h4 Rd7 58. Rc5 Nb4 59. Ng5 Nd3 60. Rc6 Re7 61. Rc8 h6 62. Nf3 Rd7 63. Nh2 Ne5 64. Rc5 Rd3 65. g4 Nf7 66. Nf3 Ra3 67. Nd2 Ra4 68. Nc4 Ra2 69. Ne3 Nd6 70. g5+ hxg5 71. Ng4+ Kf7 72. Rxg5 Nf5 73. h5 Ra8 74. Ne3 Nxe3+ 75. fxe3 Ra2+ 76. Kg3 Re2 77. Re5 Re1 78. Re4 Kf6 79. h6 Rg1+ 80. Kh2 Rg8 81. Rh4 Rh8 82. Kg3 Kg6 83. Kf4 Kh7 84. Ke5 Ra8 85. e4 Ra6 86. Kf6 Rb6 87. e5 Ra6 88. Rg4 Rb6 89. Rg6 Rb1 90. Rg7+ Kxh6 91. Rg3 Kh5 92. Kxe6 Re1 93. Kf6 Rf1+ 94. Ke7 Re1 95. e6 Rf1 96. Ke8 Re1 97. e7 Rf1 98. Rg8 1-0

[Event "DDR-ch (Women)"]
[Site "Stralsund"]
[Date "1988.??.??"]
[Round "7"]
[White "Seidemann, Ulricke"]
[Black "Heintze, Marion"]
[Result "0-1"]
[WhiteElo "2080"]
[BlackElo "2185"]
[PlyCount "110"]
[EventDate "1988.02.06"]
[EventType "tourn"]
[EventRounds "13"]
[EventCountry "DDR"]
[SourceTitle "EXT 1997"]
[Source "ChessBase"]
[SourceDate "1996.11.15"]
[SourceVersion "1"]
[SourceVersionDate "1996.11.15"]
[SourceQuality "1"]

1. d4 d5 2. g3 Nf6 3. Bg2 e6 4. Nf3 c5 5. e3 Nc6 6. 0-0 Be7 7. Nbd2 0-0 8. b3 b6 9. Bb2 Ba6 10. Re1 cxd4 11. exd4 Rc8 12. a3 Rc7 13. Rc1 Qc8 14. Ne5 Nxe5 15. Rxe5 Bd6 16. Re3 Qd7 17. c4 Rfc8 18. Bf1 Bb7 19. Bg2 Qe7 20. a4 Qf8 21. h3 Ba6 22. Bf1 Bb4 23. Rf3 Qd8 24. Bc3 Ba3 25. Rc2 Be7 26. Re3 Qe8 27. Qa1 Bb7 28. Bg2 Qd7 29. Kh2 Ba6 30. a5 Bb7 31. axb6 axb6 32. Ra2 h6 33. Kg1 Ne8 34. Kh2 Bf6 35. Ra7 Nd6 36. Qh1 Nf5 37. Rd3 dxc4 38. Bxb7 Rb8 39. bxc4 Rbxb7 40. Rxb7 Rxb7 41. Qf3 Rc7 42. Qa8+ Rc8 43. Qe4 Nd6 44. Qg4 Nxc4 45. Ne4 Bg5 46. d5 f5 47. dxe6 Qxd3 48. Qxf5 Kh8 49. Qg6 Rg8 50. e7 Nd6 51. Bxg7+ Rxg7 52. e8Q+ Nxe8 53. Qxe8+ Kh7 54. Nxg5+ Rxg5 55. Qf7+ Rg7 0-1

[Event "DDR-BUL (Women) m"]
[Site "Nordhausen"]
[Date "1987.11.15"]
[Round "3.1"]
[White "Heintze, Marion"]
[Black "Voiska, Margarita"]
[Result "1/2-1/2"]
[WhiteElo "2185"]
[BlackElo "2315"]
[PlyCount "77"]
[EventDate "1987.11.12"]
[EventType "team"]
[EventRounds "4"]
[EventCountry "DDR"]
[SourceTitle "EXT 2006"]
[Source "ChessBase"]
[SourceDate "2005.11.24"]
[SourceVersion "1"]
[SourceVersionDate "2005.11.24"]
[SourceQuality "1"]
[WhiteTeam "German Dem Rep"]
[BlackTeam "Bulgaria"]
[WhiteTeamCountry "DDR"]
[BlackTeamCountry "BUL"]

1. e4 e6 2. d4 d5 3. Nd2 Nf6 4. e5 Nfd7 5. f4 c5 6. c3 Nc6 7. Ndf3 Qb6 8. g3 cxd4 9. cxd4 f6 10. Bh3 Bb4+ 11. Kf1 fxe5 12. fxe5 0-0 13. Kg2 Ndxe5 14. dxe5 Nxe5 15. Qe2 Nxf3 16. Nxf3 e5 17. Bxc8 Raxc8 18. Nxe5 Qe6 19. Bf4 Rf5 20. Rac1 Re8 21. Qb5 Bd6 22. Nf3 Bxf4 23. gxf4 a6 24. Qd3 Qg6+ 25. Kf2 Qf6 26. Rhf1 Rxf4 27. Kg1 d4 28. Rc2 b5 29. Re2 Rf8 30. Ref2 h6 31. Qd2 Qg6+ 32. Kh1 Qe4 33. Qd1 g5 34. Kg1 Rg4+ 35. Kh1 Rgf4 36. Kg1 Rg4+ 37. Kh1 Rgf4 38. Kg1 Rg4+ 39. Kh1 1/2-1/2

[Event "Sochi (Women)"]
[Site "Sochi"]
[Date "1987.10.11"]
[Round "10"]
[White "Heintze, Marion"]
[Black "Polnarieva, Larisa"]
[Result "1/2-1/2"]
[WhiteElo "2200"]
[BlackElo "2230"]
[PlyCount "26"]
[EventDate "1987.10.02"]
[EventType "tourn"]
[EventRounds "15"]
[EventCountry "URS"]
[EventCategory "1"]
[SourceTitle "EXT 2002"]
[Source "ChessBase"]
[SourceDate "2001.11.25"]
[SourceVersion "1"]
[SourceVersionDate "2001.11.25"]
[SourceQuality "1"]

1. e4 c5 2. Nf3 d6 3. Bb5+ Nd7 4. 0-0 Ngf6 5. Re1 a6 6. Bf1 Ne5 7. Nc3 g6 8. a4 Nxf3+ 9. Qxf3 Bg7 10. Bc4 0-0 11. d3 Nd7 12. Qg3 Ne5 13. Na2 Nc6 1/2-1/2

[Event "DDR-ch (Women)"]
[Site "Glauchau"]
[Date "1987.??.??"]
[Round "12"]
[White "Heintze, Marion"]
[Black "Ramseier, Jana S"]
[Result "1-0"]
[WhiteElo "2235"]
[BlackElo "2000"]
[PlyCount "113"]
[EventDate "1987.02.05"]
[EventType "tourn"]
[EventRounds "13"]
[EventCountry "DDR"]
[SourceTitle "EXT 2003"]
[Source "ChessBase"]
[SourceDate "2002.11.25"]
[SourceVersion "1"]
[SourceVersionDate "2002.11.25"]
[SourceQuality "1"]

1. e4 c5 2. Nf3 e6 3. d4 cxd4 4. Nxd4 a6 5. Nc3 Qc7 6. Be2 Nf6 7. 0-0 Be7 8. f4 d6 9. Kh1 0-0 10. a4 Nc6 11. Be3 e5 12. fxe5 dxe5 13. Nxc6 bxc6 14. a5 Be6 15. Qe1 Nd7 16. Na4 c5 17. b3 f6 18. Qc3 Rfc8 19. Bc4 Qc6 20. Rfd1 Bxc4 21. Qxc4+ Kh8 22. Qd5 Ra7 23. Nb6 Qxd5 24. Rxd5 Rcc7 25. Rad1 Nf8 26. Na4 Ra8 27. Bxc5 Bxc5 28. Nxc5 Kg8 29. c3 Rc6 30. b4 Kf7 31. Rd6 Rac8 32. Kg1 Ke7 33. Rxc6 Rxc6 34. Rd5 Ne6 35. Nxe6 Kxe6 36. Rd3 Rc4 37. Re3 Kd6 38. Kf2 Kc6 39. Ke2 Kb5 40. Kd2 g6 41. Kc2 Rc6 42. Kb3 Rd6 43. Rf3 Kc6 44. g4 g5 45. Kc2 Kc7 46. Rd3 Re6 47. c4 Re8 48. Kc3 Kc6 49. Rd5 Rb8 50. Kb3 Rh8 51. b5+ Kc7 52. Rc5+ Kb8 53. Rc6 axb5 54. cxb5 Rd8 55. Kb4 Rd4+ 56. Rc4 Rd7 57. b6 1-0

[Event "DDR-ch (Women)"]
[Site "Glauchau"]
[Date "1987.??.??"]
[Round "6"]
[White "Schoenemann, Astrid"]
[Black "Heintze, Marion"]
[Result "1/2-1/2"]
[WhiteElo "2000"]
[BlackElo "2235"]
[PlyCount "121"]
[EventDate "1987.02.05"]
[EventType "tourn"]
[EventRounds "13"]
[EventCountry "DDR"]
[SourceTitle "EXT 2003"]
[Source "ChessBase"]
[SourceDate "2002.11.25"]
[SourceVersion "1"]
[SourceVersionDate "2002.11.25"]
[SourceQuality "1"]

1. f4 c5 2. Nf3 Nc6 3. e3 g6 4. Bb5 Bg7 5. 0-0 Nf6 6. d3 0-0 7. Bxc6 bxc6 8. c4 d6 9. Nc3 Rb8 10. Qc2 Ne8 11. b3 Nc7 12. Bb2 Na6 13. Rad1 Bd7 14. Ne2 Nb4 15. Qb1 f6 16. Bc3 Qc8 17. Ng3 Bh6 18. Rde1 Na6 19. Qb2 Nc7 20. Qe2 Bg7 21. h3 Ne8 22. e4 e5 23. f5 g5 24. Nh5 Bh8 25. Qd2 Ng7 26. Nxg7 Bxg7 27. g4 h6 28. Qf2 Kf7 29. Kg2 Rh8 30. Rh1 Qa6 31. Qc2 h5 32. Bd2 Rbg8 33. Be3 Qa5 34. Bd2 Qd8 35. Qc1 Bf8 36. Reg1 Be7 37. Be3 Rg7 38. Bf2 Rgh7 39. Qe1 Qg8 40. Qf1 Rh6 41. Be1 Qh7 42. Bd2 Ke8 43. Be1 Bc8 44. Bd2 Bd8 45. Bc3 Bb7 46. Bd2 Kd7 47. Bc3 Kc8 48. Bd2 Kb8 49. Bc3 Bc8 50. Qd1 Ka8 51. Qf1 Bd7 52. Bd2 Be8 53. Bc3 Qb7 54. Qd1 Qa6 55. Qd2 Bf7 56. Rd1 Be8 57. Rdg1 Qb6 58. Qc2 Qc7 59. Qe2 Qg7 60. Be1 Qh7 61. Qf1 1/2-1/2

[Event "BUL-DDR (Women)"]
[Site "Sofia"]
[Date "1986.10.12"]
[Round "2.1"]
[White "Voiska, Margarita"]
[Black "Heintze, Marion"]
[Result "1-0"]
[WhiteElo "2245"]
[BlackElo "2190"]
[PlyCount "245"]
[EventDate "1986.10.11"]
[EventType "team"]
[EventRounds "4"]
[EventCountry "BUL"]
[SourceTitle "EXT 1997"]
[Source "ChessBase"]
[SourceDate "1996.11.15"]
[SourceVersion "1"]
[SourceVersionDate "1996.11.15"]
[SourceQuality "1"]
[WhiteTeam "Bulgaria (W)"]
[BlackTeam "German Dem Rep (W)"]
[WhiteTeamCountry "BUL"]
[BlackTeamCountry "DDR"]

1. Nf3 d5 2. g3 Nf6 3. Bg2 c6 4. c4 Bg4 5. Ne5 Be6 6. cxd5 Bxd5 7. Nf3 e5 8. Nc3 Bxf3 9. Bxf3 Be7 10. d3 0-0 11. 0-0 Na6 12. Bg2 Nb4 13. Qb3 Qd7 14. Bg5 Nbd5 15. Rad1 h6 16. Bc1 Rad8 17. a3 c5 18. Kh1 b6 19. f4 exf4 20. gxf4 Nxc3 21. Qxc3 Qd4 22. Qe1 Qd7 23. e4 Rfe8 24. e5 Nd5 25. Qg3 f5 26. Bf3 Bf8 27. Qg2 Re6 28. Rg1 Ne7 29. Qh3 Kh7 30. Be3 g6 31. d4 cxd4 32. Rxd4 Qe8 33. Rgd1 Rxd4 34. Rxd4 Qb5 35. Qg2 Qb3 36. Qd2 b5 37. Rd7 Kh8 38. Rxa7 Qc4 39. Qe2 Qa2 40. Kg2 Qb3 41. Qd2 g5 42. fxg5 f4 43. Bxf4 Nf5 44. Qc3 Qxc3 45. bxc3 hxg5 46. Bd5 Re7 47. Ra8 Kg7 48. Bxg5 Rxe5 49. c4 bxc4 50. Bxc4 Nd6 51. Bf4 Re4 52. Bxd6 Bxd6 53. Bf1 Rg4+ 54. Kf3 Rf4+ 55. Ke2 Bc5 56. h3 Rf2+ 57. Ke1 Ra2 58. a4 Bb4+ 59. Kd1 Rd2+ 60. Kc1 Rf2 61. Bc4 Rf3 62. Be6 Re3 63. Bg4 Re5 64. Rb8 Be1 65. Kc2 Ba5 66. Kd3 Be1 67. Rc8 Bf2 68. Rc4 Re3+ 69. Kd2 Re5 70. Kd3 Re3+ 71. Kc2 Re5 72. Rf4 Bg3 73. Rf3 Be1 74. Kd3 Bh4 75. Kc4 Re4+ 76. Kb5 Be1 77. Ra3 Re5+ 78. Kc6 Bb4 79. Rd3 Rc5+ 80. Kb6 Re5 81. Kc6 Kh6 82. Rd4 Be1 83. Bd7 Bf2 84. Rc4 Be1 85. Kb7 Rd5 86. Kc8 Re5 87. Rd4 Bf2 88. Rd3 Be1 89. Kc7 Bb4 90. Rb3 Bd2 91. Rd3 Bb4 92. Bc6 Re7+ 93. Kb6 Re6 94. Kb5 Be1 95. a5 Re2 96. a6 Rb2+ 97. Kc4 Bf2 98. Bb5 Rc2+ 99. Kb3 Rc7 100. Rf3 Bg1 101. Bc4 Re7 102. Rf1 Ba7 103. Kb4 Kg5 104. Rf8 Rh7 105. Be6 Rc7 106. Rf5+ Kg6 107. h4 Re7 108. h5+ Kh6 109. Bd5 Rg7 110. Bf3 Rc7 111. Rf6+ Kg5 112. Rg6+ Kf4 113. Bg4 Bd4 114. Be6 Ke5 115. h6 Rc1 116. h7 Rb1+ 117. Kc4 Rc1+ 118. Kd3 Rd1+ 119. Ke2 Rh1 120. Bg8 Rh2+ 121. Kf3 Kf5 122. Rd6 Bg1 123. Kg3 1-0